Ako v Košiciach vymrel nákupný raj mali tam fejkové tenisky, pitátske cédéčká i limo

Podrobná bibliografia
Hlavný autor: Gécziová, Katarína (Autor)
Médium: Článok
Jazyk:slovenčina
Fyzický popis:Fotografie
ISSN:2585-7355
Predmet:
On-line prístup:https://kosice.korzar.sme.sk/c/22994365/fejkove-tenisky-a-piratske-cedecka-z-blsaku-ako-v-kosiciach-vymrel-nakupny-raj.html

MARC

LEADER 00000nab a2200000u 4500
001 vtls012147463
003 SK-MaSNL
005 20260303100811.0
008 220831|2022 xo ||||||| || ||slo|
038 |a KEVKJB 
040 |a KEVKJB  |b slo  |e rda 
041 0 |a slo 
043 |a e-xo--- 
044 |a xo  |c SK 
072 7 |a 71  |x Územné plánovanie. Urbanizmus. Pamiatková starostlivosť  |2 konspekt 
080 |a 711.552.1  |2 2011 
100 1 |a Gécziová, Katarína  |4 aut  |9 1031787 
245 1 0 |a Ako v Košiciach vymrel nákupný raj  |b mali tam fejkové tenisky, pitátske cédéčká i limo  |c Katarína Gécziová 
300 |b Fotografie 
336 |a text  |b txt  |2 rdacontent 
337 |a bez média  |b n  |2 rdamedia 
338 |a zväzok  |b nc  |2 rdacarrier 
610 2 7 |a Blšák (trhovisko : Košice, Slovensko)  |2 kevkjb  |9 879295 
650 0 7 |a tržnice  |2 SNKPH  |9 29909 
651 7 |a Košice (Slovensko)  |2 SNKPHgeo  |9 18694 
773 0 |t Korzár  |g Roč. XXV., č. 168 (31.8.2022), s. 4  |x 2585-7355 
852 |a KEVKJB  |b KIS3GCP 
856 4 1 |u https://kosice.korzar.sme.sk/c/22994365/fejkove-tenisky-a-piratske-cedecka-z-blsaku-ako-v-kosiciach-vymrel-nakupny-raj.html 
999 |c 1834717  |d 1836647